[Event "Reykjavik Open 2015"]
[Site "Reykjavik ISL"]
[Date "2015.03.18"]
[Round "10.100"]
[White "Ingason, Sigurdur"]
[Black "Kjartansson, Dagur"]
[Result "0-1"]
[WhiteElo "1880"]
[BlackElo "1756"]
[WhiteFideId "2301709"]
[BlackFideId "2303299"]
[EventDate "2015.03.10"]

1. c4 e5 2. g3 c6 3. d4 exd4 4. Qxd4 Nf6 5. Nc3 d5 6. cxd5 cxd5 7. Bg5 Be7 8.
Bg2 Nc6 9. Qd2 d4 10. Bxc6+ bxc6 11. Nd1 Qd5 12. Nf3 Ne4 0-1

[Event "Reykjavik Open 2015"]
[Site "Reykjavik ISL"]
[Date "2015.03.18"]
[Round "10.101"]
[White "Bogut, Maksymilian"]
[Black "Kolka, Dawid"]
[Result "0-1"]
[WhiteElo "1697"]
[BlackElo "1875"]
[WhiteFideId "1185810"]
[BlackFideId "2308010"]
[EventDate "2015.03.10"]

1. e4 c6 2. d4 d5 3. e5 Bf5 4. Bd3 Bxd3 5. Qxd3 e6 6. Ne2 Nd7 7. O-O c5 8. c3
Ne7 9. f4 cxd4 10. cxd4 g6 11. Nbc3 a6 12. g4 h5 13. f5 gxf5 14. gxf5 Nxf5 15.
Nxd5 Nxd4 16. Qxd4 Bc5 17. Nf6+ Ke7 18. Bg5 Bxd4+ 19. Nxd4 Qa5 20. Rae1 Nxf6 21.
Bxf6+ Kd7 22. Bxh8 Rxh8 23. Rxf7+ Ke8 24. Rff1 Rg8+ 25. Kf2 Qd2+ 26. Ne2 Rf8+
27. Kg2 Rxf1 28. Kxf1 Qxb2 29. Nf4 Qxh2 30. Ng2 h4 31. Re2 h3 32. Ne1 Qh1+ 33.
Kf2 h2 34. Nf3 Qxf3+ 35. Kxf3 h1=Q+ 0-1

[Event "Reykjavik Open 2015"]
[Site "Reykjavik ISL"]
[Date "2015.03.18"]
[Round "10.102"]
[White "Johansen, Lars"]
[Black "Van Zyl-Rudd, Jack"]
[Result "1-0"]
[WhiteElo "1855"]
[BlackElo "1648"]
[WhiteFideId "1506455"]
[BlackFideId "14309017"]
[EventDate "2015.03.10"]

1. e4 c5 2. Nf3 e6 3. d3 Nc6 4. g3 d5 5. Nc3 Nf6 6. Bg2 dxe4 7. dxe4 Qxd1+ 8.
Kxd1 Bd7 9. Re1 Nd4 10. Be3 O-O-O 11. Ne5 Be8 12. Kc1 Bd6 13. Nc4 Bc7 14. a4 Bc6
15. b3 Ng4 16. h4 Kb8 17. Kb2 h5 18. Rad1 f6 19. Na2 Nxe3 20. fxe3 Bxg3 21. exd4
Bxe1 22. Rxe1 Rxd4 23. Nc3 Rhd8 24. Bf3 g6 25. Rg1 Be8 26. Ne2 Rd1 27. Rg3 e5
28. Nc3 R1d4 29. Nd5 R8xd5 30. exd5 Rxh4 31. Nd6 Bd7 32. Rxg6 f5 33. Rg5 e4 34.
Bxh5 1-0

[Event "Reykjavik Open 2015"]
[Site "Reykjavik ISL"]
[Date "2015.03.18"]
[Round "10.103"]
[White "Lee, Gudmundur Kristinn"]
[Black "Hauksson, Hordur Aron"]
[Result "0-1"]
[WhiteElo "1676"]
[BlackElo "1853"]
[WhiteFideId "2303361"]
[BlackFideId "2303680"]
[EventDate "2015.03.10"]

1. d4 a6 2. Bf4 d6 3. e4 g6 4. Nf3 Bg7 5. a4 Nd7 6. Bc4 e5 7. dxe5 dxe5 8. Qd5
Qe7 9. Bg5 Ngf6 10. Bxf6 Bxf6 11. a5 Nc5 12. b4 Be6 13. Qxc5 Qxc5 14. bxc5 Bxc4
15. Nbd2 Bb5 16. c4 Bc6 17. O-O O-O-O 18. Rfe1 Rd3 19. Kf1 Rhd8 20. Rad1 g5 21.
Re3 g4 22. Rxd3 Rxd3 23. Ne1 Ra3 24. Nc2 Rxa5 25. Ne3 h5 26. Nd5 Bxd5 27. exd5
Be7 28. Nb3 Ra3 29. Rb1 a5 30. Ke2 a4 31. Na5 Bxc5 32. Nxb7 Rb3 33. Nxc5 Rxb1
34. Nxa4 Rb4 35. Nc5 Rxc4 36. Nd3 f6 37. Ke3 Rd4 38. Nc5 Rxd5 39. Ne4 Rd6 40.
Nxd6+ cxd6 41. Ke4 Kd7 42. Kf5 d5 43. f3 gxf3 44. gxf3 d4 45. Ke4 Ke6 46. f4 f5+
47. Kd3 Kd5 48. fxe5 Kxe5 0-1

[Event "Reykjavik Open 2015"]
[Site "Reykjavik ISL"]
[Date "2015.03.18"]
[Round "10.104"]
[White "Davidsdottir, Nansy"]
[Black "Marshall, Michael"]
[Result "1/2-1/2"]
[WhiteElo "1641"]
[BlackElo "1844"]
[WhiteFideId "2309491"]
[BlackFideId "1409956"]
[EventDate "2015.03.10"]

1. e4 c5 2. Nf3 e6 3. d4 cxd4 4. Nxd4 Nc6 5. Be3 Qc7 6. c3 a6 7. Nd2 Nf6 8. Be2
Be7 9. O-O d5 10. Nxc6 bxc6 11. Qc2 Bb7 12. c4 Rc8 13. Rac1 dxe4 14. Nxe4 Nxe4
15. Qxe4 c5 16. Qg4 Bf6 17. b3 O-O 18. Bf3 Bxf3 19. Qxf3 Rfd8 20. Rcd1 Bd4 21.
Bxd4 cxd4 22. Rd3 a5 23. Qe4 Qc5 24. f4 Rd7 25. Rfd1 Rcd8 26. a4 h6 27. g4 Rb8
28. Qe2 Rbd8 29. Qe4 Rb8 30. Qe2 Rbd8 1/2-1/2

[Event "Reykjavik Open 2015"]
[Site "Reykjavik ISL"]
[Date "2015.03.18"]
[Round "10.105"]
[White "Andersen, Dag"]
[Black "Magnusdottir, Veronika Steinunn"]
[Result "1-0"]
[WhiteElo "1843"]
[BlackElo "1571"]
[WhiteFideId "1504568"]
[BlackFideId "2309114"]
[EventDate "2015.03.10"]

1. d4 d5 2. c4 c6 3. Nf3 Nf6 4. Nc3 e6 5. e3 Nbd7 6. Qc2 dxc4 7. Bxc4 b5 8. Bd3
a6 9. O-O c5 10. Rd1 Qb6 11. Bf1 Bb7 12. Qe2 Be7 13. a4 b4 14. a5 Qc7 15. Nb1
Rc8 16. Nbd2 cxd4 17. Nxd4 Ne5 18. N2f3 Nxf3+ 19. Nxf3 Ng4 20. g3 h5 21. Bd2 Qc2
22. Rab1 b3 23. Rdc1 Qh7 24. Rxc8+ Bxc8 25. Rc1 Bd7 26. Qxa6 h4 27. Bd3 Qh5 28.
Qa8+ Bd8 29. Nxh4 g5 30. Rc5 e5 31. Nf3 f6 32. Qe4 f5 33. Rxe5+ Nxe5 34. Qxe5+
Be7 35. Bb4 Rh7 36. Bxe7 Rxe7 37. Qb8+ Kf7 38. Bc4+ Be6 39. Ne5+ Kg7 40. Qd8 Qe8
41. Qd4 Kh7 42. Bd3 Rc7 43. Nf3 Rc1+ 44. Kg2 Kg6 45. g4 Qc6 46. e4 Qc5 47. exf5+
Bxf5 48. Bxf5+ Kf7 49. Ne5+ Kg7 50. Qd7+ 1-0

[Event "Reykjavik Open 2015"]
[Site "Reykjavik ISL"]
[Date "2015.03.18"]
[Round "10.106"]
[White "Ragnarsson, Heimir Pall"]
[Black "Simpson, Ben"]
[Result "1-0"]
[WhiteElo "1497"]
[BlackElo "1843"]
[WhiteFideId "2308860"]
[BlackFideId "444405"]
[EventDate "2015.03.10"]

1. c4 Nf6 2. g3 c6 3. Bg2 d5 4. b3 Bf5 5. d3 e6 6. Nf3 h6 7. Nbd2 Nbd7 8. O-O
Bd6 9. Bb2 O-O 10. Re1 Bh7 11. e4 e5 12. exd5 cxd5 13. Nxe5 Nc5 14. Ndf3 Re8 15.
b4 Na6 16. a3 b6 17. Qb3 dxc4 18. dxc4 Rc8 19. Rad1 Qc7 20. Rd4 Nb8 21. Qd1 Bf8
22. Nd3 Nc6 23. Rf4 Red8 24. Bf1 Ne8 25. b5 Ne7 26. Nfe5 Nd6 27. Qf3 Nef5 28.
Bh3 g6 29. Nc6 Re8 30. Nde5 h5 31. Qd5 g5 32. Bxf5 Bxf5 33. Rd4 Be6 34. Qf3 g4
35. Qf6 Bg7 36. Qg5 f6 37. Qd2 Nxb5 38. cxb5 fxe5 39. Rde4 Bf5 40. Bxe5 Bxe5 41.
Rxe5 Rxe5 42. Rxe5 Bg6 43. Qg5 Qd6 44. Ne7+ Kh7 45. Nxc8 Qd1+ 46. Kg2 Qf3+ 47.
Kf1 Qd1+ 48. Re1 Bd3+ 49. Kg2 Qxe1 50. Qxh5+ Kg7 51. Qxg4+ Bg6 52. Nd6 Qe5 53.
Qd1 Bh5 54. Qd3 Bg6 55. Qd2 Kh7 56. f3 Qc5 57. a4 Qa3 58. Qf4 Qa2+ 59. Kh3 Qe6+
60. g4 Qe1 61. Ne4 Qf1+ 62. Kh4 Qe1+ 63. Kg5 Be8 64. Nf6+ Kh8 65. Nxe8 Qxe8 66.
Qf6+ Kh7 67. Qh6+ Kg8 68. Qg6+ 1-0

[Event "Reykjavik Open 2015"]
[Site "Reykjavik ISL"]
[Date "2015.03.18"]
[Round "10.107"]
[White "Kristjansson, Halldor Atli"]
[Black "Arroyo Figuero, Fernando"]
[Result "0-1"]
[WhiteElo "1335"]
[BlackElo "1835"]
[WhiteFideId "2310988"]
[BlackFideId "22218769"]
[EventDate "2015.03.10"]

1. d4 d5 2. c4 e6 3. Nf3 Nf6 4. Bg5 Be7 5. Nc3 O-O 6. e3 Nbd7 7. Bd3 dxc4 8.
Bxc4 a6 9. Qc2 b5 10. Be2 Bb7 11. O-O-O Nd5 12. Bxe7 Qxe7 13. Nxd5 Bxd5 14. Kb1
c5 15. dxc5 Nxc5 16. Bd3 g6 17. Ka1 Rac8 18. Qb1 b4 19. b3 a5 20. Ne5 a4 21.
bxa4 Nxa4 22. Rd2 Qc7 23. Nc4 Bxc4 24. Bxc4 Qxc4 25. Rc1 Qxc1 0-1

[Event "Reykjavik Open 2015"]
[Site "Reykjavik ISL"]
[Date "2015.03.18"]
[Round "10.108"]
[White "Haraldsson, Sigurjon"]
[Black "Mai, Aron Thor"]
[Result "1-0"]
[WhiteElo "1833"]
[BlackElo "1320"]
[WhiteFideId "2303655"]
[BlackFideId "2313383"]
[EventDate "2015.03.10"]

1. e4 e5 2. Nc3 Nc6 3. Bc4 Nf6 4. d3 Bc5 5. Bg5 h6 6. Bh4 g5 7. Bg3 d6 8. Qd2
Bg4 9. h4 Nh5 10. Nge2 Bxe2 11. Nxe2 Nxg3 12. Nxg3 gxh4 13. Nf5 Qg5 14. O-O-O
Nd4 15. Rxh4 Qxg2 16. Rxh6 O-O-O 17. Rxh8 Rxh8 18. Bxf7 Nf3 19. Qe2 Rh2 20. c3
Ng1 21. Qc2 Qg5+ 22. Kb1 Rxf2 23. Qb3 Nf3 24. Qe6+ 1-0

[Event "Reykjavik Open 2015"]
[Site "Reykjavik ISL"]
[Date "2015.03.18"]
[Round "10.110"]
[White "Halldorsson, Haukur"]
[Black "Densing, Gerd"]
[Result "0-1"]
[WhiteElo "1575"]
[BlackElo "1903"]
[WhiteFideId "2305089"]
[BlackFideId "24621013"]
[EventDate "2015.03.10"]

1. e4 e6 2. d4 d5 3. exd5 exd5 4. Nf3 Bd6 5. Be3 Ne7 6. Bd3 Nbc6 7. c3 Bg4 8. h3
Bh5 9. Nbd2 Bg6 10. Bxg6 hxg6 11. Ng5 Qd7 12. Ngf3 f6 13. Qc2 O-O-O 14. O-O-O
Nf5 15. Rde1 Rde8 16. Qd3 Re7 17. g4 Nxe3 18. Rxe3 Rxe3 19. Qxe3 g5 20. Kb1 Bf4
21. Qd3 Re8 22. Nb3 b6 23. Re1 Rxe1+ 24. Nxe1 Qe6 25. Ng2 Qe4 26. Qxe4 dxe4 27.
Nxf4 gxf4 28. Nd2 e3 29. fxe3 fxe3 30. Nf3 Ne7 31. Kc2 Nd5 32. Ng1 Nf4 33. Kd1
Kd7 34. h4 Ke6 35. Nf3 Kd5 36. Ng1 Ke4 37. Ne2 Nd3 38. Kc2 Ne1+ 39. Kd1 Nf3 40.
h5 Nh2 0-1

[Event "Reykjavik Open 2015"]
[Site "Reykjavik ISL"]
[Date "2015.03.18"]
[Round "10.111"]
[White "Fjallheim, Leif Reinert"]
[Black "Nordquelle, Daniel"]
[Result "0-1"]
[WhiteElo "1525"]
[BlackElo "1874"]
[WhiteFideId "7201788"]
[BlackFideId "1519042"]
[EventDate "2015.03.10"]

1. e4 e6 2. d4 d5 3. e5 c5 4. c3 Nc6 5. Nf3 Qb6 6. a3 c4 7. g3 Na5 8. Nbd2 Bd7
9. h4 O-O-O 10. Ng5 Nh6 11. Bh3 Kb8 12. f4 Be7 13. O-O f5 14. Ngf3 Nf7 15. Rb1
Qc7 16. Ne1 h6 17. Ndf3 g5 18. hxg5 hxg5 19. Bg2 Nb3 20. Kf2 Rdg8 21. Rh1 Rxh1
22. Bxh1 Qd8 23. Bg2 Qf8 24. Bf1 Qg7 25. Ng2 Be8 26. Be3 Nh6 27. Nh2 gxf4 28.
Bxf4 Bg5 29. Qf3 Nf7 30. Qe3 Rh8 31. Nf3 Nh6 32. Nh2 Be7 33. Be2 Kc7 34. Bd1 Na5
35. Ne1 Nc6 36. Nc2 Ng4+ 37. Nxg4 fxg4 38. Nb4 Rh2+ 39. Ke1 Qh7 40. Ra1 Rxb2 41.
Nxc6 Qh1+ 0-1

[Event "Reykjavik Open 2015"]
[Site "Reykjavik ISL"]
[Date "2015.03.18"]
[Round "10.112"]
[White "Ontiveros, John"]
[Black "Jonasson, Hordur"]
[Result "1-0"]
[WhiteElo "1774"]
[BlackElo "1562"]
[WhiteFideId "2303981"]
[BlackFideId "2311224"]
[EventDate "2015.03.10"]

1. d4 d5 2. c4 e6 3. Nc3 Nf6 4. Nf3 c5 5. e3 cxd4 6. Nxd4 Be7 7. Be2 dxc4 8.
Bxc4 O-O 9. O-O b6 10. Qf3 Nd5 11. Nxd5 Bb7 12. Nxe7+ Qxe7 13. Qg3 Rc8 14. Be2
Nd7 15. Bf3 Bxf3 16. Qxf3 Nc5 17. Bd2 Nd3 18. Bc3 Ne5 19. Qg3 Ng6 20. Rad1 Rc7
21. Rd2 Rac8 22. Rfd1 h6 23. h3 Qe8 24. Nf3 Kh7 25. Ne5 Ne7 26. Rd7 Nf5 27. Qg4
Ne7 28. h4 f6 29. Rxc7 Rxc7 30. Nf3 Nd5 31. Qe4+ Kg8 32. Rxd5 1-0

[Event "Reykjavik Open 2015"]
[Site "Reykjavik ISL"]
[Date "2015.03.18"]
[Round "10.113"]
[White "Sigurdarson, Alec Elias"]
[Black "Nilsen, Tobias Lang"]
[Result "0-1"]
[WhiteElo "1348"]
[BlackElo "1761"]
[WhiteFideId "2311003"]
[BlackFideId "1521624"]
[EventDate "2015.03.10"]

1. e4 e6 2. d4 d5 3. Nc3 Nf6 4. e5 Nfd7 5. f4 c5 6. Nf3 Nc6 7. Be3 a6 8. Qd2 b5
9. O-O-O c4 10. a3 Qb6 11. Na2 a5 12. Qf2 Qb8 13. g4 b4 14. a4 b3 15. cxb3 Qxb3
16. Nc3 Nb4 17. Rd2 Na2+ 18. Nxa2 Qxa2 19. f5 Qa1+ 20. Kc2 Qxa4+ 21. Kb1 c3 22.
bxc3 Rb8+ 23. Rb2 Rxb2+ 24. Qxb2 Qd1+ 25. Bc1 Qxf3 26. Bg2 Qd3+ 27. Qc2 Qxc2+
28. Kxc2 Be7 29. g5 Nb6 30. f6 gxf6 31. gxf6 Bd8 32. Ba3 Nc4 33. Bc5 Ne3+ 0-1

[Event "Reykjavik Open 2015"]
[Site "Reykjavik ISL"]
[Date "2015.03.18"]
[Round "10.114"]
[White "Burgisser, Claude"]
[Black "Finnsson, Johann Arnar"]
[Result "0-1"]
[WhiteElo "1724"]
[BlackElo "1491"]
[WhiteFideId "656801"]
[BlackFideId "2308240"]
[EventDate "2015.03.10"]

1. f4 Nc6 2. Nf3 Nf6 3. d4 d5 4. e3 Bf5 5. c3 a6 6. Nbd2 e6 7. Qb3 Rb8 8. h3 Ne4
9. Nxe4 dxe4 10. Ne5 Nxe5 11. fxe5 Qh4+ 12. Kd1 Bg4+ 13. Be2 Bxe2+ 14. Kxe2 Be7
15. Bd2 Qh5+ 16. g4 Qh6 17. Raf1 O-O 18. Qd1 f5 19. Be1 f4 20. exf4 Rxf4 21.
Rxf4 Qxf4 22. Bf2 Qf3+ 23. Kd2 Qxf2+ 24. Kc1 Bg5+ 25. Kb1 Rf8 26. a3 e3 27. Qb3
e2 28. Qxe6+ Qf7 29. Qf5 Qxf5+ 30. gxf5 Rxf5 0-1

[Event "Reykjavik Open 2015"]
[Site "Reykjavik ISL"]
[Date "2015.03.18"]
[Round "10.115"]
[White "Chadwick, Susan E"]
[Black "Holm, Fridgeir K"]
[Result "0-1"]
[WhiteElo "1370"]
[BlackElo "1700"]
[WhiteFideId "407305"]
[BlackFideId "2307324"]
[EventDate "2015.03.10"]

1. d4 Nf6 2. Nf3 b6 3. e3 Bb7 4. Bd3 e6 5. Nbd2 d5 6. b3 Bd6 7. Bb2 O-O 8. O-O
Nbd7 9. c4 c5 10. cxd5 exd5 11. Rc1 Ne4 12. Ne5 f6 13. Nef3 Rc8 14. Be2 Bb8 15.
Nxe4 dxe4 16. Ne1 f5 17. g3 Qe7 18. Ng2 Qf6 19. Bc4+ Kh8 20. Qe2 cxd4 21. Bxd4
Be5 22. Rfd1 Bxd4 23. exd4 Qg5 24. Nf4 Qf6 25. Qe3 a6 26. a4 g5 27. Ne6 f4 28.
Qc3 Rfe8 29. d5 Ne5 30. Nd4 Bxd5 31. gxf4 gxf4 32. Ne2 Bxc4 33. bxc4 Rxc4 34.
Qh3 Rxc1 35. Rxc1 Qg5+ 36. Qg2 Qxg2+ 37. Kxg2 f3+ 38. Kf1 Nd3 39. Rc6 e3 40.
fxe3 Rxe3 41. Rc8+ Kg7 42. Rc7+ Kf8 43. Rc8+ Ke7 44. Rc7+ Kd8 45. Rc2 b5 46.
axb5 axb5 47. Rd2 b4 48. Rxd3+ Rxd3 49. Nf4 Rd2 50. Ne6+ Ke7 51. Nc5 Rxh2 52.
Nb3 Kd6 53. Nd4 f2 54. Nf3 Rh3 55. Kxf2 Rxf3+ 56. Kxf3 b3 0-1

[Event "Reykjavik Open 2015"]
[Site "Reykjavik ISL"]
[Date "2015.03.18"]
[Round "10.117"]
[White "Edvardsen, Oystein"]
[Black "Paillat, Cecile"]
[Result "1-0"]
[WhiteElo "1662"]
[BlackElo "1485"]
[WhiteFideId "1508776"]
[BlackFideId "26035812"]
[EventDate "2015.03.10"]

1. e4 e6 2. d4 d5 3. e5 c5 4. c3 Nc6 5. Nf3 Qb6 6. Be2 Be7 7. O-O Bd7 8. a4 c4
9. Nbd2 Na5 10. Ne1 Nh6 11. Nc2 Nf5 12. Ne3 Nxe3 13. fxe3 O-O 14. e4 Bg5 15.
Nxc4 Nxc4 16. Bxg5 Nxe5 17. Kh1 Ng6 18. e5 h6 19. Be3 Bc6 20. Qd2 Nh4 21. Bxh6
gxh6 22. Qxh6 Ng6 23. b4 a6 24. Rf3 Qc7 25. Rh3 f5 26. Qxg6+ Qg7 27. Qxe6+ Qf7
28. Qh6 Qe7 29. Rg3+ Kf7 30. Bh5# 1-0

[Event "Reykjavik Open 2015"]
[Site "Reykjavik ISL"]
[Date "2015.03.18"]
[Round "10.119"]
[White "Thoroddsen, Arni"]
[Black "Luu, Robert"]
[Result "0-1"]
[WhiteElo "1611"]
[BlackElo "1362"]
[WhiteFideId "2309203"]
[BlackFideId "2311798"]
[EventDate "2015.03.10"]

1. g3 d5 2. Bg2 c6 3. c4 Bf5 4. Qa4 Nf6 5. Nc3 e6 6. cxd5 exd5 7. Nf3 Bd6 8. Nh4
Be6 9. Qb3 Qc7 10. Qc2 O-O 11. O-O Nbd7 12. Nf5 Bxf5 13. Qxf5 Rae8 14. e3 Ne5
15. f4 Ng6 16. a3 Qc8 17. Qxc8 Rxc8 18. Bf3 Rfe8 19. d3 Bc5 20. Re1 d4 21. Na4
Bf8 22. b4 dxe3 23. Bxe3 a6 24. Bd4 Rxe1+ 25. Rxe1 Rd8 26. Bb2 Rxd3 27. Kf2 b5
28. Nc3 Rd6 29. Rd1 Rxd1 30. Nxd1 Ne7 31. Ne3 Nd7 32. Bd4 g6 33. Ng4 Bg7 34.
Bxg7 Kxg7 35. Ne5 Nxe5 36. fxe5 f6 37. exf6+ Kxf6 38. Ke3 Ke5 39. Kd3 Nd5 40. h4
h6 41. Bg4 Nb6 42. Bh3 Nc4 43. Bd7 Kd6 44. Be8 Ke7 45. Bxg6 Ne5+ 0-1

[Event "Reykjavik Open 2015"]
[Site "Reykjavik ISL"]
[Date "2015.03.18"]
[Round "10.121"]
[White "Kravchuk, Mykhaylo"]
[Black "Kenney, David"]
[Result "1/2-1/2"]
[WhiteElo "1475"]
[BlackElo "1885"]
[WhiteFideId "2310007"]
[BlackFideId "2617064"]
[EventDate "2015.03.10"]

1. d4 d5 2. Nf3 Nf6 3. Bf4 g6 4. e3 Bg7 5. Bd3 O-O 6. O-O Nbd7 7. c4 e6 8. Nc3
c6 9. c5 Re8 10. Ne5 Nh5 11. Nxd7 Nxf4 12. exf4 Bxd7 13. Ne2 b6 14. b4 bxc5 15.
bxc5 Qc7 16. a4 a5 17. Rb1 Reb8 18. Qd2 f6 19. Qc2 e5 20. Rxb8+ Rxb8 21. fxe5
fxe5 22. dxe5 Qxe5 23. Rb1 Rxb1+ 24. Qxb1 Qb2 25. Nc1 Qxb1 26. Bxb1 Bc3 27. h3
Kf7 28. Kf1 Kf6 29. Ke2 Be6 30. f4 d4 31. Be4 Bb4 32. Bxc6 Bxc5 33. Kd3 g5 34.
fxg5+ Kxg5 35. Ne2 Bf5+ 36. Be4 Bxe4+ 37. Kxe4 Kh4 38. Nxd4 Kg3 39. Ne6 Bd6 40.
Kf5 Kxg2 41. Kg4 h5+ 1/2-1/2

[Event "Reykjavik Open 2015"]
[Site "Reykjavik ISL"]
[Date "2015.03.18"]
[Round "10.122"]
[White "Magnusson, Thorsteinn"]
[Black "Kruglyak, Mikhail"]
[Result "0-1"]
[WhiteElo "1301"]
[BlackElo "1775"]
[WhiteFideId "2310287"]
[BlackFideId "2082896"]
[EventDate "2015.03.10"]

1. c4 g6 2. g3 Bg7 3. Bg2 Nf6 4. Nf3 O-O 5. O-O c6 6. Nc3 d6 7. d3 Bg4 8. Qc2
Qc7 9. b3 Nbd7 10. Bb2 Rac8 11. Rac1 d5 12. cxd5 cxd5 13. Nd4 Qb6 14. Nf3 Bxf3
15. Bxf3 d4 16. Qd2 dxc3 17. Bxc3 Qe6 18. Bxb7 Rc5 19. Bd4 Rh5 20. Bg2 Ne5 21.
Bxa7 Neg4 22. h3 Ne5 23. f4 Bh6 24. e3 Ned7 25. Rc6 Qf5 26. g4 Nxg4 27. Be4 Qa5
28. b4 Qxa7 29. hxg4 Rb5 30. Rf3 f5 31. gxf5 Nf6 32. fxg6 Nxe4 33. gxh7+ Kxh7
34. dxe4 Rg8+ 35. Kf1 Rh5 36. Ke2 Rh2+ 37. Rf2 Rgg2 38. Rxh6+ Kxh6 0-1

[Event "Reykjavik Open 2015"]
[Site "Reykjavik ISL"]
[Date "2015.03.18"]
[Round "10.123"]
[White "Olsen, William"]
[Black "Kristbergsson, Bjorgvin"]
[Result "1-0"]
[WhiteElo "1716"]
[BlackElo "1159"]
[WhiteFideId "1518259"]
[BlackFideId "2305232"]
[EventDate "2015.03.10"]

1. d4 Nf6 2. Nf3 d5 3. c4 h6 4. Nc3 a6 5. Bf4 Nc6 6. e3 g5 7. Bg3 Bg4 8. Be2 Bg7
9. Qb3 Qc8 10. cxd5 Na7 11. Rc1 O-O 12. Na4 b6 13. Nxb6 Rb8 14. Nxc8 Rxb3 15.
Nxe7+ Kh8 16. axb3 Rd8 17. Ne5 Rf8 18. Nxg4 Ne4 19. Bd3 f5 20. Bxe4 fxe4 21.
Ng6+ 1-0

[Event "Reykjavik Open 2015"]
[Site "Reykjavik ISL"]
[Date "2015.03.18"]
[Round "10.124"]
[White "Sigurvaldason, Hjalmar"]
[Black "Ugland, Torge"]
[Result "0-1"]
[WhiteElo "1450"]
[BlackElo "1636"]
[WhiteFideId "2306018"]
[BlackFideId "1508873"]
[EventDate "2015.03.10"]

1. d4 d5 2. c4 e6 3. Nc3 Nf6 4. Bg5 Nbd7 5. e3 c6 6. cxd5 exd5 7. Nf3 Be7 8. Be2
O-O 9. Bxf6 Nxf6 10. Qc2 Re8 11. O-O Bg4 12. h3 Bh5 13. Ne5 Bxe2 14. Qxe2 Bd6
15. f4 Bb4 16. Rfc1 Qe7 17. a3 Bd6 18. Nd1 Ne4 19. Rc2 Rad8 20. b4 a6 21. Rb1 f6
22. Nd3 Bb8 23. Nc5 Nxc5 24. bxc5 Bxf4 25. Rb3 Rd7 26. Qf3 Bb8 27. Rcc3 Qf7 28.
Nf2 Rde7 29. Nh1 f5 30. g3 g6 31. h4 Re6 32. Nf2 R8e7 33. Nh3 h6 34. Kg2 Re8 35.
a4 Kg7 36. a5 R6e7 37. Kf2 Qf6 38. Kg2 g5 39. hxg5 hxg5 40. g4 f4 41. exf4 Bxf4
42. Nxf4 gxf4 43. Kf2 Qxd4+ 0-1

[Event "Reykjavik Open 2015"]
[Site "Reykjavik ISL"]
[Date "2015.03.18"]
[Round "10.128"]
[White "Starosciak, Adrian"]
[Black "Davidsson, Stefan Orri"]
[Result "0-1"]
[WhiteElo "1304"]
[BlackElo "1038"]
[WhiteFideId "1192140"]
[BlackFideId "2311399"]
[EventDate "2015.03.10"]

1. e4 e5 2. Nf3 Nc6 3. Bc4 Bc5 4. c3 Nf6 5. d4 exd4 6. cxd4 Bb4+ 7. Bd2 Bxd2+ 8.
Nbxd2 d5 9. exd5 Nxd5 10. O-O O-O 11. h3 Nf4 12. Ne4 Ng6 13. Rc1 Bf5 14. Ng3 Bd7
15. Nh5 Nh4 16. Nxh4 Qxh4 17. Bb5 a6 18. Bxc6 Bxc6 19. Rc3 Rad8 20. Ng3 Rxd4 21.
Qc2 Qg5 22. Rd1 Qd5 23. Rxc6 Rxd1+ 24. Kh2 bxc6 25. Nf5 Qe5+ 26. Ng3 Rfd8 27.
Qxc6 Qd6 28. Qe4 Qe6 29. Qf4 Qxa2 30. Qxc7 Qxb2 31. Qf4 R8d4 32. Qf3 R4d3 33.
Qc6 h6 0-1